Statistics for East... or West?

Click here to take the quiz!

General Stats

  • This quiz has been taken 22 times
  • The average score is 12 of 15

Answer Stats

QuestionAnswer% Correct
Kuala LumpurEastern Hemisphere
95%
OsakaEastern Hemisphere
90%
JakartaEastern Hemisphere
90%
SantiagoWestern Hemisphere
90%
SuvaEastern Hemisphere
86%
Port-au-PrinceWestern Hemisphere
86%
BishkekEastern Hemisphere
81%
IstanbulEastern Hemisphere
81%
MontevideoWestern Hemisphere
81%
MedellínWestern Hemisphere
81%
MaléEastern Hemisphere
71%
LisbonWestern Hemisphere
71%
GuadalajaraWestern Hemisphere
71%
CasablancaWestern Hemisphere
67%
ParisEastern Hemisphere
48%

Score Distribution

Percentile by Number Answered

Percent of People with Each Score

Your Score History

You have not taken this quiz